Indian constitution and adminstration (Record no. 502458)

000 -LEADER
fixed length control field 00323cam a22001217a 4500
008 - FIXED-LENGTH DATA ELEMENTS--GENERAL INFORMATION
fixed length control field 180718b1980 xxu||||| |||| 00| 0 eng d
082 ## - DEWEY DECIMAL CLASSIFICATION NUMBER
Classification number C4x54 J573
100 ## - MAIN ENTRY--PERSONAL NAME
Personal name Johari,J.C
245 ## - TITLE STATEMENT
Title Indian constitution and adminstration
Statement of responsibility, etc. by J.C.Johari
250 ## - EDITION STATEMENT
Edition statement first
260 ## - PUBLICATION, DISTRIBUTION, ETC.
Place of publication, distribution, etc. Delhi
Name of publisher, distributor, etc. Vshal publication
Date of publication, distribution, etc. 1980
300 ## - PHYSICAL DESCRIPTION
Extent 247p.
Holdings
Withdrawn status Lost status Damaged status Not for loan Permanent Location Current Location Date acquired Full call number Barcode Date last seen Price effective from Koha item type
        Indian Institute of Public Administration Indian Institute of Public Administration 2018-08-04 C4x54 J573 GR18724 2018-08-04 2018-08-04 GR

Powered by Koha